| 000 | 00472nam a22001457a 4500 | ||
|---|---|---|---|
| 008 | 110905s1977 ua|||||r|||| 00| 0 ara d | ||
| 020 | _a977110716X | ||
| 082 |
_222 _a153.7 _bز ك ر |
||
| 100 |
_916928 _aزكريا ، فؤاد |
||
| 245 |
_aأسس التفكير العلمي / _cزكي نجيب محمود |
||
| 260 |
_aالإسكندرية : _bدار المعارف، [1977] _c[1977] |
||
| 300 |
_a319ص ؛ _c16 سم |
||
| 650 |
_913687 _aالتفكير |
||
| 942 |
_2ddc _cBB |
||
| 999 |
_c16197 _d16197 |
||